Every Nirvana Song - Statistics

General Stats
  • This quiz has been taken 72 times
  • The average score is 36 of 60
Answer Stats
Album Song % Correct
Nevermind Smells Like Teen Spirit
96%
Nevermind Come As You Are
93%
Incesticide (New Wave) Polly
91%
Nevermind Polly
91%
Nevermind Lithium
87%
In Utero Heart-Shaped Box
85%
Nevermind Breed
83%
MTV Unplugged In New York (cover) The Man Who Sold The World
83%
Nevermind Something In The Way
80%
Bleach About A Girl
78%
Nevermind Drain You
78%
Nevermind In Bloom
78%
Nevermind On A Plain
76%
Nevermind Territorial Pissings
76%
Nevermind Lounge Act
72%
In Utero Dumb
70%
Nevermind Endless, Nameless
67%
In Utero All Apologies
65%
MTV Unplugged In New York (cover) Lake Of Fire
65%
In Utero Scentless Apprentice
65%
In Utero Pennyroyal Tea
63%
Bleach School
63%
In Utero Serve The Servants
63%
In Utero Rape Me
61%
Nevermind Stay Away
61%
Incesticide Dive
59%
Bleach Blew
57%
Bleach Floyd The Barber
57%
In Utero Frances Farmer Will Have Her Revenge On Seattle
57%
Bleach (cover) Love Buzz
57%
Incesticide (cover) Molly's Lips
57%
MTV Unplugged In New York (cover) Plateau
57%
Incesticide Sliver
57%
Bleach Big Cheese
54%
Incesticide Hairspray Queen
54%
Bleach Mr. Moustache
54%
In Utero Very Ape
54%
MTV Unplugged In New York (cover) Where Did You Sleep Last Night
54%
Incesticide Aneurysm
52%
Bleach Downer
52%
Incesticide Downer
52%
Incesticide Mexican Seafood
50%
Bleach Negative Creep
50%
MTV Unplugged In New York (cover) Oh Me
50%
In Utero Tourette's
50%
Incesticide Aero Zeppelin
46%
Incesticide Big Long Now
46%
MTV Unplugged In New York (cover) Jesus Doesn't Want Me For A Sunbeam
46%
In Utero Milk It
46%
Bleach Scoff
46%
Incesticide Stain
43%
Incesticide Been A Son
41%
Bleach Paper Cuts
41%
In Utero Radio Friendly Unit Shifter
41%
Bleach Sifting
41%
Bleach Swap Meet
39%
Incesticide Beeswax
37%
Incesticide (cover) Son Of A Gun
37%
Incesticide (cover) Turnaround
37%
In Utero Gallons Of Rubbing Alcohol Flow Through The Strip
35%
No matching quizzes found
Score Distribution
Percent of People with Each Score
Percentile by Number Answered
Your Score History
You have not taken this quiz